Normal view MARC view
  • Herbs

Entry Topical Term

Number of records used in: 1

001 - CONTROL NUMBER

  • control field: 5615

003 - CONTROL NUMBER IDENTIFIER

  • control field: OSt

005 - DATE AND TIME OF LATEST TRANSACTION

  • control field: 20170517151121.0

008 - FIXED-LENGTH DATA ELEMENTS

  • fixed length control field: 170517|| aca||aabn | a|a d

040 ## - CATALOGING SOURCE

  • Original cataloging agency: OSt
  • Transcribing agency: OSt

150 ## - HEADING--TOPICAL TERM

  • Topical term or geographic name entry element: Herbs
  • Geographic subdivision: Indonesia
  • General subdivision: Therapeutic use

670 ## - SOURCE DATA FOUND

  • Source citation: Work cat.: (OSt)0: Hermani 5612, Tanaman berkhasiat antioksidan /, [2006?]
Pusat Sumber Maklumat Dato' Haji Sarmin Md Hussin, Akademi Kastam Diraja Malaysia, Melaka
Tel: 06-2331106 | Faks: 06-2313787